| 000 | 00344nam a2200133Ia 4500 | ||
|---|---|---|---|
| 003 | LK-CoDNM | ||
| 008 | 010623t xxu||||| |||| 00| 1 eng d | ||
| 040 |
_aLK-CoDNM _dLK-CoDNM _eLK-CoDNM |
||
| 041 | _aeng | ||
| 080 | _a(x)908 INV | ||
| 245 | 3 | _aAn invitation to visit Sri Lanka Paradise island in the Orient | |
| 300 | _b23p, 30 cm | ||
| 942 | _cBK | ||
| 999 |
_c133650 _d133650 |
||